zpět

Detail výsledku týmu

The PUB Praha 6 , Praha

Datum a čas kvízu

26.5 Celkem bodů Celkový počet nahraných bodů na tomto kvízu bez doplňovacích otázek.
8. Pořadí na kvízu Konečné umístění týmu na tomto kvízu.

Zaznamenané odpovědi

# Otázka Odpověď Body Výsledky
1. Jaroslav Němec z Bystrého na S... hlemýždi (šneci) 0
2. Tento ruský opoziční politik v... Boris Naděždin 0
3. Minulý týden v sobotu se konal... Ples jako Brno 1
4. Firma Apple se minulý týden po... umožní instalovat aplikace i z jiných zdrojů než AppStore 1
5. Slavná Barcelona obdržela v so... Villarreal 0
6. Nejvíce dvojčat na světě se ro... Nigérie 0
7. Dvojčata mohou na počátku nitr... chiméra 1
8. Jako dvojčata byly označovány... WTC 1
9. Jak se jmenuje herec, jehož dv... Kiefer Sutherland 0
10. Na závěr tématu se podíváme na... paterčata 0